<?xml version="1.0" encoding="UTF-8"?>
<record
    xmlns:xsi="http://www.w3.org/2001/XMLSchema-instance"
    xsi:schemaLocation="http://www.loc.gov/MARC21/slim http://www.loc.gov/standards/marcxml/schema/MARC21slim.xsd"
    xmlns="http://www.loc.gov/MARC21/slim">

  <leader>00567nam a22001577a 4500</leader>
  <controlfield tag="003">OSt</controlfield>
  <controlfield tag="005">20151214112439.0</controlfield>
  <controlfield tag="008">151214b        xxu||||| |||| 00| 0 eng d</controlfield>
  <datafield tag="040" ind1=" " ind2=" ">
    <subfield code="c">RUA</subfield>
  </datafield>
  <datafield tag="082" ind1=" " ind2=" ">
    <subfield code="a">ATM HEM 2004 B214 Or.1</subfield>
  </datafield>
  <datafield tag="100" ind1=" " ind2=" ">
    <subfield code="9">4829</subfield>
    <subfield code="a">HEM, DARA.</subfield>
  </datafield>
  <datafield tag="245" ind1=" " ind2=" ">
    <subfield code="a">human resource management at forestry division kandal (&#x1780;&#x17B6;&#x179A;&#x1782;&#x17D2;&#x179A;&#x1794;&#x17CB;&#x1782;&#x17D2;&#x179A;&#x1784;&#x1792;&#x1793;&#x1792;&#x17B6;&#x1793;&#x1798;&#x1793;&#x17BB;&#x179F;&#x17D2;&#x179F;&#x1793;&#x17C5;&#x1795;&#x17D2;&#x1793;&#x17C2;&#x1780;&#x179A;&#x178A;&#x17D2;&#x178B;&#x1794;&#x17B6;&#x179B; &#x1796;&#x17D2;&#x179A;&#x17C3;&#x1788;&#x17BE;&#x1780;&#x178E;&#x17D2;&#x178F;&#x17B6;&#x179B;)</subfield>
  </datafield>
  <datafield tag="260" ind1=" " ind2=" ">
    <subfield code="a">Phnom Penh</subfield>
    <subfield code="b">RUA</subfield>
    <subfield code="c">2004</subfield>
  </datafield>
  <datafield tag="300" ind1=" " ind2=" ">
    <subfield code="a">viii, 47p.</subfield>
    <subfield code="b">ill.</subfield>
    <subfield code="c">29cm.</subfield>
  </datafield>
  <datafield tag="942" ind1=" " ind2=" ">
    <subfield code="2">ddc</subfield>
    <subfield code="c">ATM</subfield>
  </datafield>
  <datafield tag="999" ind1=" " ind2=" ">
    <subfield code="c">4492</subfield>
    <subfield code="d">4492</subfield>
  </datafield>
  <datafield tag="952" ind1=" " ind2=" ">
    <subfield code="0">0</subfield>
    <subfield code="1">0</subfield>
    <subfield code="2">ddc</subfield>
    <subfield code="4">0</subfield>
    <subfield code="6">ATM_HEM_2004_000000000000000_B214_OR_1</subfield>
    <subfield code="7">0</subfield>
    <subfield code="9">23353</subfield>
    <subfield code="a">LBB</subfield>
    <subfield code="b">LBB</subfield>
    <subfield code="c">B214</subfield>
    <subfield code="d">2015-12-14</subfield>
    <subfield code="o">ATM HEM 2004 B214 Or.1</subfield>
    <subfield code="p">RUA009342</subfield>
    <subfield code="r">2015-12-14</subfield>
    <subfield code="w">2015-12-14</subfield>
    <subfield code="y">ATM</subfield>
  </datafield>
  <datafield tag="952" ind1=" " ind2=" ">
    <subfield code="0">0</subfield>
    <subfield code="1">0</subfield>
    <subfield code="2">ddc</subfield>
    <subfield code="4">0</subfield>
    <subfield code="6">ATM_HEM_2004_000000000000000_B214_OR_2</subfield>
    <subfield code="7">0</subfield>
    <subfield code="9">23354</subfield>
    <subfield code="a">LBB</subfield>
    <subfield code="b">LBB</subfield>
    <subfield code="c">B214</subfield>
    <subfield code="d">2015-12-14</subfield>
    <subfield code="o">ATM HEM 2004 B214 Or.2</subfield>
    <subfield code="p">RUA009629</subfield>
    <subfield code="r">2015-12-14</subfield>
    <subfield code="w">2015-12-14</subfield>
    <subfield code="y">ATM</subfield>
  </datafield>
  <datafield tag="952" ind1=" " ind2=" ">
    <subfield code="0">0</subfield>
    <subfield code="1">0</subfield>
    <subfield code="2">ddc</subfield>
    <subfield code="4">0</subfield>
    <subfield code="6">ATM_HEM_2004_000000000000000_B214_OR_3</subfield>
    <subfield code="7">0</subfield>
    <subfield code="9">23355</subfield>
    <subfield code="a">LBB</subfield>
    <subfield code="b">LBB</subfield>
    <subfield code="c">B214</subfield>
    <subfield code="d">2015-12-14</subfield>
    <subfield code="o">ATM HEM 2004 B214 Or.3</subfield>
    <subfield code="p">RUA009522</subfield>
    <subfield code="r">2015-12-14</subfield>
    <subfield code="w">2015-12-14</subfield>
    <subfield code="y">ATM</subfield>
  </datafield>
  <datafield tag="952" ind1=" " ind2=" ">
    <subfield code="0">0</subfield>
    <subfield code="1">0</subfield>
    <subfield code="2">ddc</subfield>
    <subfield code="4">0</subfield>
    <subfield code="6">ATM_HEM_2004_000000000000000_B214_OR_4</subfield>
    <subfield code="7">0</subfield>
    <subfield code="9">23356</subfield>
    <subfield code="a">LBB</subfield>
    <subfield code="b">LBB</subfield>
    <subfield code="c">B214</subfield>
    <subfield code="d">2015-12-14</subfield>
    <subfield code="o">ATM HEM 2004 B214 Or.4</subfield>
    <subfield code="p">RUA009486</subfield>
    <subfield code="r">2015-12-14</subfield>
    <subfield code="w">2015-12-14</subfield>
    <subfield code="y">ATM</subfield>
  </datafield>
  <datafield tag="952" ind1=" " ind2=" ">
    <subfield code="0">0</subfield>
    <subfield code="1">0</subfield>
    <subfield code="2">ddc</subfield>
    <subfield code="4">0</subfield>
    <subfield code="6">ATM_HEM_2004_000000000000000_B214_OR_5</subfield>
    <subfield code="7">0</subfield>
    <subfield code="9">23358</subfield>
    <subfield code="a">LBB</subfield>
    <subfield code="b">LBB</subfield>
    <subfield code="c">B214</subfield>
    <subfield code="d">2015-12-14</subfield>
    <subfield code="o">ATM HEM 2004 B214 Or.5</subfield>
    <subfield code="p">RUA017968</subfield>
    <subfield code="r">2015-12-14</subfield>
    <subfield code="w">2015-12-14</subfield>
    <subfield code="y">ATM</subfield>
  </datafield>
  <datafield tag="952" ind1=" " ind2=" ">
    <subfield code="0">0</subfield>
    <subfield code="1">0</subfield>
    <subfield code="2">ddc</subfield>
    <subfield code="4">0</subfield>
    <subfield code="6">ATM_HEM_2004_000000000000000_B214_OR_6</subfield>
    <subfield code="7">0</subfield>
    <subfield code="9">23360</subfield>
    <subfield code="a">LBB</subfield>
    <subfield code="b">LBB</subfield>
    <subfield code="c">B214</subfield>
    <subfield code="d">2015-12-14</subfield>
    <subfield code="o">ATM HEM 2004 B214 Or.6</subfield>
    <subfield code="p">RUA033555</subfield>
    <subfield code="r">2015-12-14</subfield>
    <subfield code="w">2015-12-14</subfield>
    <subfield code="y">ATM</subfield>
  </datafield>
  <datafield tag="952" ind1=" " ind2=" ">
    <subfield code="0">0</subfield>
    <subfield code="1">0</subfield>
    <subfield code="2">ddc</subfield>
    <subfield code="4">0</subfield>
    <subfield code="6">ATM_HEM_2004_000000000000000_B214_OR_7</subfield>
    <subfield code="7">0</subfield>
    <subfield code="9">23362</subfield>
    <subfield code="a">LBB</subfield>
    <subfield code="b">LBB</subfield>
    <subfield code="c">B214</subfield>
    <subfield code="d">2015-12-14</subfield>
    <subfield code="o">ATM HEM 2004 B214 Or.7</subfield>
    <subfield code="p">RUA033712</subfield>
    <subfield code="r">2015-12-14</subfield>
    <subfield code="w">2015-12-14</subfield>
    <subfield code="y">ATM</subfield>
  </datafield>
  <datafield tag="952" ind1=" " ind2=" ">
    <subfield code="0">0</subfield>
    <subfield code="1">0</subfield>
    <subfield code="2">ddc</subfield>
    <subfield code="4">0</subfield>
    <subfield code="6">ATM_HEM_2004_000000000000000_B214_OR_8</subfield>
    <subfield code="7">0</subfield>
    <subfield code="9">23364</subfield>
    <subfield code="a">LBB</subfield>
    <subfield code="b">LBB</subfield>
    <subfield code="c">B214</subfield>
    <subfield code="d">2015-12-14</subfield>
    <subfield code="o">ATM HEM 2004 B214 Or.8</subfield>
    <subfield code="p">RUA046593</subfield>
    <subfield code="r">2015-12-14</subfield>
    <subfield code="w">2015-12-14</subfield>
    <subfield code="y">ATM</subfield>
  </datafield>
  <datafield tag="952" ind1=" " ind2=" ">
    <subfield code="0">0</subfield>
    <subfield code="1">0</subfield>
    <subfield code="2">ddc</subfield>
    <subfield code="4">0</subfield>
    <subfield code="6">ATM_HEM_2004_000000000000000_B214_OR_9</subfield>
    <subfield code="7">0</subfield>
    <subfield code="9">23366</subfield>
    <subfield code="a">LBB</subfield>
    <subfield code="b">LBB</subfield>
    <subfield code="c">B214</subfield>
    <subfield code="d">2015-12-14</subfield>
    <subfield code="o">ATM HEM 2004 B214 Or.9</subfield>
    <subfield code="p">RUA034686</subfield>
    <subfield code="r">2015-12-14</subfield>
    <subfield code="w">2015-12-14</subfield>
    <subfield code="y">ATM</subfield>
  </datafield>
</record>
